000 00291nam a22001337a 4500
008 221005b ||||| |||| 00| 0 eng d
041 _aeng
080 _2tenth edition
_a61
082 _a61
100 _a5
101 _aMJEK
245 _aMEDICINE A TEXTBOOK
_cCECIL.R
942 _2udc
_cBK
999 _c58349
_d58349